000 00272nam a22001217a 4500
008 230627b xxu||||| |||| 00| 0 eng d
020 _a9250038305
082 _a338.1
_bFAO 1996
245 _aForest Products
260 _bFAO
_c1996
300 _aXLV,377p
942 _2ddc
_cBK
999 _c2831
_d2831